Sri Lanka, a lost revolution? : (Record no. 470)
[ view plain ]
| 000 -LEADER | |
|---|---|
| fixed length control field | 00589cam a2200181 a 4500 |
| 001 - CONTROL NUMBER | |
| control field | 2483642 |
| 005 - DATE AND TIME OF LATEST TRANSACTION | |
| control field | 20240222004725.0 |
| 008 - FIXED-LENGTH DATA ELEMENTS--GENERAL INFORMATION | |
| fixed length control field | 911031s1990 ce ac b 000 0 eng |
| 020 ## - INTERNATIONAL STANDARD BOOK NUMBER | |
| ISBN | 9552600049 |
| 040 ## - CATALOGING SOURCE (பட்டியலாக்க மூலம்) | |
| Original cataloging agency | DLC |
| Transcribing agency | DLC |
| Modifying agency | DLC |
| 082 ## - DDC Classification | |
| DDC Edition Number | 22 |
| Class No. | 322.42. |
| Item Number - Author Mark | ROH |
| 100 1# - MAIN ENTRY--PERSONAL NAME | |
| Personal name | Gunaratna, Rohan, |
| 245 10 - TITLE STATEMENT | |
| Title | Sri Lanka, a lost revolution? : |
| Remainder of title | the inside story of the JVP / |
| Statement of responsibility, etc. | Rohan Gunaratna. |
| 260 ## - PUBLICATION, DISTRIBUTION, ETC. | |
| Place of publication, distribution, etc. | Kandy : |
| Name of publisher, distributor, etc. | Institute of Fundamental Studies, |
| Date of publication, distribution, etc. | 1990. |
| 300 ## - PHYSICAL DESCRIPTION | |
| Extent (e.g. Volumes, Pages etc.) | viii, 366 p. : |
| 500 ## - GENERAL NOTE | |
| General note | About the Janatā Vimukti Peramuṇa, politico-military organization in Sri Lanka. |
| 942 ## - Koha item type (Biblio) | |
| Koha item type | Books in Stacks (Lending) |
| Lost status | Damaged status | Collection code | Home library | Current library | Date acquired | Full call number | Accession Number | Item type |
|---|---|---|---|---|---|---|---|---|
| Lending | WERC Library | WERC Library | 02/22/2024 | 322.42. ROH | 1693 | Books in Stacks (Lending) |
